Textbook of Advance Nursing Practice
Salvato in:
| Autore principale: | |
|---|---|
| Natura: | Libro |
| Lingua: | inglese |
| Pubblicazione: |
Jaypee Brothers Medical Publishers
2013
|
| Tags: |
Aggiungi Tag
Nessun Tag, puoi essere il primo ad aggiungerne!!
|
MARC
| LEADER | 00000nam a22000007a 4500 | ||
|---|---|---|---|
| 008 | 210616b ||||| |||| 00| 0 eng d | ||
| 020 | |a 9789350903315 | ||
| 100 | |a Soni, Samta | ||
| 245 | |a Textbook of Advance Nursing Practice |c Samta, Soni |g xv,656p | ||
| 250 | |b 1st Edition | ||
| 260 | |b Jaypee Brothers Medical Publishers |c 2013 |h India |i 296296 |i 296297 |l RT82.8.S6 | ||
| 942 | |a lcc |c BK |e Olagoke,M.A |f 16/06/2021 | ||
| 952 | |0 0 |1 0 |2 lcc |4 0 |6 RT00828 S6 |7 0 |9 2625 |a HOL |b HE |c QZ |d 2021-06-16 |l 0 |o RT82.8.S6 |p 2021-6473 |r 2021-06-16 00:00:00 |w 2021-06-16 |y BK | ||
| 952 | |0 0 |1 0 |2 lcc |4 0 |6 RT00828 S6 |7 0 |9 2626 |a HOL |b HOL |c QZ |d 2021-06-16 |l 0 |o RT82.8.S6 |p 2021-6474 |r 2021-06-16 00:00:00 |w 2021-06-16 |y BK | ||
| 999 | |c 1375 |d 1375 | ||